| 000 | 00719nab a2200217 4500 | ||
|---|---|---|---|
| 003 | BR-BrBNA | ||
| 005 | 20250416162951.0 | ||
| 008 | 250416b bl.||||| |||| 00| 0 por d | ||
| 040 |
_aBR-BrBNA _bpor |
||
| 072 | _aP01 ; E50 ; F40 ; L20 | ||
| 100 | _aMarques, Carlos José (ed.) | ||
| 245 |
_aTurismo rural _bEspecial |
||
| 500 | _a21 illus. | ||
| 650 | _aTURISMO RURAL | ||
| 650 | _aECOLOGIA HUMANA | ||
| 650 | _aECOLOGIA VEGETAL | ||
| 650 | _aECOLOGIA ANIMAL | ||
| 773 | 0 |
_01706 _9346671 _dSão Paulo-SP Editora Três Ltda - E-mail: luizfsa@revistadinheiro.com.br 2004 _o2024-7382 _tDinheiro Rural (Brazil) _x1807-3700 _gv. 3(26) p. 66-71; (Dec 2006) _wBR2025000717 |
|
| 942 | _cANA | ||
| 999 |
_c331085 _d331085 |
||